Esquemas electrónicos utilizados en recepción / (Record no. 178955)
[ view plain ]
| 000 -LEADER | |
|---|---|
| campo de control de longitud fija | 01003nam a2200253 i 4500 |
| 001 - NÚMERO DE CONTROL | |
| campo de control | 178955 |
| 003 - IDENTIFICADOR DE NÚMERO DE CONTROL | |
| campo de control | ES-MaACL |
| 005 - FECHA Y HORA DE LA ÚLTIMA TRANSACCIÓN | |
| campo de control | 20250901080024.0 |
| 008 - DATOS DE LONGITUD FIJA--INFORMACIÓN GENERAL | |
| campo de control de longitud fija | 110811s1965 sp |||| | spa d |
| 080 ## - NÚMERO DE LA CLASIFICACIÓN DECIMAL UNIVERSAL | |
| Número de la Clasificación Decimal Universal | 621.296.62 |
| 080 ## - NÚMERO DE LA CLASIFICACIÓN DECIMAL UNIVERSAL | |
| Número de la Clasificación Decimal Universal | 621.38.049 |
| 100 1# - ENTRADA PRINCIPAL--NOMBRE DE PERSONA | |
| Nombre de persona | Biblot, Michel. |
| 9 (RLIN) | 147596 |
| 245 10 - MENCIÓN DEL TÍTULO | |
| Título | Esquemas electrónicos utilizados en recepción / |
| Mención de responsabilidad, etc. | por Michel Biblot. |
| 260 ## - PUBLICACIÓN, DISTRIBUCIÓN, ETC. | |
| Lugar de publicación, distribución, etc. | Barcelona : |
| Nombre del editor, distribuidor, etc. | Editores Técnicos Asociados, |
| Fecha de publicación, distribución, etc. | [1965] |
| 300 ## - DESCRIPCIÓN FÍSICA | |
| Extensión | 2 v. ; |
| Dimensiones | 24 cm. |
| 505 8# - NOTA DE CONTENIDO CON FORMATO | |
| Nota de contenido con formato | Contiene: I. Circuitos de alimentación. Circuitos B.F. [Traducida del francés por Miguel Angel Delgado Plá] 150 pág.-- II. Detección y circuitos de A.F. Dispositivos especiales. [Traducida del francés por Eduardo Buzzanca Cañellas] 127 pág. |
| 650 #4 - PUNTO DE ACCESO ADICIONAL DE MATERIA--TÉRMINO DE MATERIA | |
| Término de materia o nombre geográfico como elemento de entrada | Radios |
| 9 (RLIN) | 16664 |
| 650 04 - PUNTO DE ACCESO ADICIONAL DE MATERIA--TÉRMINO DE MATERIA | |
| Término de materia o nombre geográfico como elemento de entrada | Circuitos electrónicos. |
| 9 (RLIN) | 11045 |
| 700 0# - ENTRADA AGREGADA--NOMBRE PERSONAL | |
| Nombre de persona | Delgado Pla, Miguel Angel. |
| 9 (RLIN) | 43480 |
| 700 0# - ENTRADA AGREGADA--NOMBRE PERSONAL | |
| Nombre de persona | Buzzanca Cañellas, Eduardo. |
| 9 (RLIN) | 33000 |
| 852 ## - LOCALIZACIÓN | |
| Ubicación | ES-MaACL |
| Número de control de estantería | C-41919-20 |
| Estatus retirado | Estado de pérdida | Estado de daño | No para préstamo | Biblioteca de origen | Biblioteca actual | Ubicación en estantería | Fecha de adquisición | Fuente de adquisición | Total de préstamos | Signatura topográfica completa | Código de barras | Visto por última vez | Precio de reemplazo | Tipo de ítem Koha |
|---|---|---|---|---|---|---|---|---|---|---|---|---|---|---|
| Biblioteca del Ateneo de Madrid | Biblioteca del Ateneo de Madrid | Depósito 2 | 11/08/2011 | C-41919-20 | 1187980 | 23/02/2023 | 23/02/2023 | Libro impreso |
